Leche y productos lacteos /

Guardado en:
Autor Principal: Porter J W G
Formato: Libro
Publicado: Zaragoza (espa¤a) : Acribia, 0
Materias:
Etiquetas: Agregar Etiqueta
Sin Etiquetas, Sea el primero en etiquetar este registro!
LEADER 00545nam a22002055a 4500
001 CEM.cems016837
005 20091113104641.0
008 130507b######################000#0#####d
003 CEMS
082 0 4 |a 637 
100 1 |a Porter J W G 
245 1 0 |a Leche y productos lacteos /  |c J W G Porter, 
260 |a Zaragoza (espa¤a) :  |b Acribia, 0 
300 |a 88 p. 
653 |a Leche-composicion 
653 |a Queso 
653 |a Manteca 
653 |a Helados 
653 |a Leche 
859 |a CEMS  |b BIB. CEMS - Agricultura  |h 637  |i P833  |p A18258.95  |t Ej.1  |v 1  |3 Vol. 1